Snahy o posilnenie postavenia žien v Spojených štátoch amerických

Prehľad historických udalostí týkajúci sa boja žien za zlepšenie ich politického postavenia v Spojených štátoch. Snaha o zisk volebného práva a presadenie ústavného dodatku o rovnakých právach. Zhrnutie úspechov, ktoré sa ženským hnutiam podarilo od pamätného prvého stretnutia v Seneca Falls v polit...

ver descrição completa

Na minha lista:
Detalhes bibliográficos
Autor principal: Futó, Gilbert
Formato: Capítulo de Livro
Idioma:eslovaco
Assuntos:
Tags: Adicionar Tag
Sem tags, seja o primeiro a adicionar uma tag!

MARC

LEADER 00000nla a2200000 4500
001 0241144
005 20240502073926.0
041 0 |a slo 
044 |a SK 
245 1 0 |a Snahy o posilnenie postavenia žien v Spojených štátoch amerických  |c Gilbert Futó 
520 |a Prehľad historických udalostí týkajúci sa boja žien za zlepšenie ich politického postavenia v Spojených štátoch. Snaha o zisk volebného práva a presadenie ústavného dodatku o rovnakých právach. Zhrnutie úspechov, ktoré sa ženským hnutiam podarilo od pamätného prvého stretnutia v Seneca Falls v politickej oblasti dosiahnuť. 
610 2 0 |a politika medzinárodná 
610 2 0 |a Organizácia spojených národov 
610 2 0 |a rovnosť rodová 
610 2 0 |a postavenie žien 
610 2 0 |a emancipácia 
610 2 0 |a právo volebné 
610 2 0 |a USA 
610 2 0 |a projekty medzinárodné 
610 2 0 |a hnutie ženské 
100 1 |a Futó, Gilbert